00720nam a2200229 a 4500001001300000003000900013005001700022008004100039020002400080082001300104100001800117245007200135260005000207300000900257500003500266650002300301700001800324902000800342942000700350952011600357999001700473nice12345678IN_TiNIC20260116014030.0100111s2009 cama grp 000 0 eng  a9780521672221c160000a190bGUT aGutting, Gary aWhat Philosophers Knowb Case Studies in Recent Analytic Philosophy aCambridge bCambridge University Press c2009 a253p aincludes index and biblioraphy aPhilosophy-Western1 aGutting, Gary bSRS cBK 001040708StackRoom-aHMIbHMId2010-04-13g1600.00l0o190 GUTp023075r2010-04-13v1600.00w2010-01-11yBK c13586d13586